Junie B.Jones is a party animal / (Record no. 7861)

MARC details
000 -LEADER
fixed length control field 01019nam a22003017a 4500
001 - CONTROL NUMBER
control field 7861
003 - CONTROL NUMBER IDENTIFIER
control field FISKH
005 - DATE AND TIME OF LATEST TRANSACTION
control field 20250812102853.0
008 - FIXED-LENGTH DATA ELEMENTS--GENERAL INFORMATION
fixed length control field 250812b cb ||||| |||| 00| 0 eng d
020 ## - INTERNATIONAL STANDARD BOOK NUMBER
International Standard Book Number 9780590639170
040 ## - CATALOGING SOURCE
Original cataloging agency FISKH
Language of cataloging eng
Transcribing agency FISKH
Modifying agency FISKH
050 ## - LIBRARY OF CONGRESS CALL NUMBER
Classification number PZ7.P2197 J
082 ## - DEWEY DECIMAL CLASSIFICATION NUMBER
Classification number 813.54
100 ## - MAIN ENTRY--PERSONAL NAME
Personal name Park, Barbara
Dates associated with a name (1947–2013)
245 ## - TITLE STATEMENT
Title Junie B.Jones is a party animal /
Statement of responsibility, etc. By Barbara Park ; Illustrated by Denise Brunkus
250 ## - EDITION STATEMENT
Edition statement This edition first published in 1999
260 ## - PUBLICATION, DISTRIBUTION, ETC.
Place of publication, distribution, etc. New York :
Name of publisher, distributor, etc. Scholastic,
Date of publication, distribution, etc. 1997
300 ## - PHYSICAL DESCRIPTION
Extent 71 pages :
Other physical details illustrations ;
Dimensions 20 cm
505 ## - FORMATTED CONTENTS NOTE
Formatted contents note N<br/>
520 ## - SUMMARY, ETC.
Summary, etc. Lucille invites Junie B. and her friend Grace to sleep over at her very rich nanna's house, where everything is beautiful, expensive, and breakable.<br/>
521 8# - TARGET AUDIENCE NOTE
Target audience note 530<br/>
Source Lexile<br/>
521 8# - TARGET AUDIENCE NOTE
Target audience note N<br/>
Source Raz-Plus<br/>
650 ## - SUBJECT ADDED ENTRY--TOPICAL TERM
Source of heading or term Realistic fiction
Topical term or geographic name entry element Junie B. Jones
650 ## - SUBJECT ADDED ENTRY--TOPICAL TERM
Source of heading or term Kindergarten
Topical term or geographic name entry element Funny
700 ## - ADDED ENTRY--PERSONAL NAME
Personal name Brunkus, Denise
Dates associated with a name illustrator
942 ## - ADDED ENTRY ELEMENTS (KOHA)
Source of classification or shelving scheme Dewey Decimal Classification
Koha item type Books
Suppress in OPAC No
Holdings
Withdrawn status Lost status Source of classification or shelving scheme Damaged status Not for loan Collection Home library Current library Shelving location Date acquired Total Checkouts Full call number Barcode Date last seen Copy number Price effective from Koha item type
    Dewey Decimal Classification     Juvenile Fiction Footprints International School Library Network Toul Tom Poung Campus Footprints International School Library Network Toul Tom Poung Campus TTP Primary Yellow Bookshelves 08/12/2025   PAR 813.54 PZ7.P2197 J FISBK00279 08/12/2025 1 08/12/2025 Books